Wszystkie Osiedla w Krakowie według dzielnic - Statystyki

Ogólne statystyki
  • Ten quiz został rozwiązany 441 razy
  • Średni wynik to 56 z 212
Statystyki odpowiedzi
Dzielnica Osiedle % Poprawnych
Grzegórzki | Stare Miasto Kazimierz
64%
Bieżanów - Prokocim Bieżanów
63%
Bieżanów - Prokocim Prokocim
63%
Bronowice Bronowice
61%
Krowodrza Krowodrza
61%
Stare Miasto Stare Miasto
60%
Prądnik Czerwony Prądnik Czerwony
58%
Łagiewniki - Borek Fałęcki Borek Fałęcki
57%
Czyżyny Czyżyny
57%
Grzegórzki Grzegórzki
57%
Łagiewniki - Borek Fałęcki Łagiewniki
57%
Mistrzejowice Mistrzejowice
57%
Prądnik Biały Prądnik Biały
56%
Nowa Huta Osiedle Kolorowe
55%
Podgórze Podgórze
55%
Mistrzejowice Osiedle Piastów
53%
Bronowice Bronowice Małe
52%
Podgórze Duchackie Kurdwanów
52%
Prądnik Biały Azory
51%
Dębniki Dębniki
51%
Dębniki Osiedle Ruczaj
50%
Bieńczyce Bieńczyce
47%
Stare Miasto Kleparz
47%
Grzegórzki | Prądnik Czerwony Olsza
47%
Zwierzyniec Zwierzyniec
47%
Nowa Huta Osiedle Centrum A
46%
Nowa Huta Osiedle Centrum B
46%
Nowa Huta Osiedle Centrum C
46%
Mistrzejowice Osiedle Złotego Wieku
46%
Nowa Huta Osiedle Centrum D
45%
Podgórze Płaszów
45%
Prądnik Biały Górka Narodowa
43%
Mistrzejowice Osiedle Oświecenia
43%
Podgórze Duchackie Wola Duchacka
43%
Grzegórzki Dąbie
42%
Nowa Huta Osiedle Centrum E
41%
Nowa Huta Nowa Huta
40%
Prądnik Biały Osiedle Krowodrza Górka
40%
Nowa Huta Osiedle Na Skarpie
40%
Nowa Huta Osiedle Szkolne
40%
Mistrzejowice Osiedle Tysiąclecia
40%
Prądnik Biały Bronowice Wielkie
39%
Czyżyny Osiedle Dywizjonu 303
38%
Dębniki Osiedle Podwawelskie
38%
Zwierzyniec Salwator
38%
Zwierzyniec Bielany
37%
Nowa Huta Osiedle Teatralne
37%
Nowa Huta Pleszów
37%
Stare Miasto Stradom
37%
Zwierzyniec Wola Justowska
37%
Bieńczyce Osiedle Złotej Jesieni
36%
Stare Miasto Piasek
36%
Prądnik Czerwony Rakowice
36%
Stare Miasto Wawel
36%
Bieńczyce Osiedle Przy Arce
35%
Bieżanów - Prokocim Osiedle Złocień
35%
Dębniki Tyniec
35%
Wzgórza Krzesławickie Krzesławice
33%
Nowa Huta Mogiła
33%
Bieńczyce Osiedle Jagiellońskie
33%
Bieńczyce Osiedle Kalinowe
33%
Nowa Huta Osiedle Wandy
33%
Nowa Huta Osiedle Zielone
33%
Krowodrza Łobzów
32%
Dębniki Osiedle Europejskie
32%
Podgórze Duchackie Osiedle Piaski Nowe
32%
Bieńczyce Osiedle Strusia
32%
Podgórze Rybitwy
32%
Mistrzejowice Osiedle Bohaterów Września
31%
Wzgórza Krzesławickie Osiedle Na Stoku
31%
Podgórze Duchackie Piaski Wielkie
31%
Grzegórzki Wesoła
31%
Bieńczyce Osiedle Kazimierzowskie
30%
Bieńczyce Osiedle Na Lotnisku
30%
Bieżanów - Prokocim Rżąka
30%
Dębniki Zakrzówek
30%
Dębniki Kobierzyn
29%
Stare Miasto Nowy Świat
29%
Nowa Huta Osiedle Górali
29%
Bieżanów - Prokocim Osiedle Na Kozłówce
29%
Nowa Huta Osiedle Zgody
29%
Prądnik Czerwony Wieczysta
29%
Mistrzejowice Batowice
28%
Krowodrza Cichy Kącik
28%
Dębniki Ludwinów
28%
Bronowice Mydlniki
28%
Bieńczyce Osiedle Albertyńskie
28%
Grzegórzki Osiedle Oficerskie
28%
Czyżyny Łęg
27%
Czyżyny Osiedle 2 Pułku Lotniczego
27%
Nowa Huta Osiedle Hutnicze
27%
Nowa Huta Osiedle Krakowiaków
27%
Bieżanów - Prokocim Osiedle Nowy Prokocim
27%
Nowa Huta Osiedle Stalowe
27%
Stare Miasto Warszawskie
27%
Podgórze Zabłocie
27%
Wzgórza Krzesławickie Grębałów
26%
Prądnik Czerwony Olsza II
26%
Bieńczyce Osiedle Kościuszkowskie
26%
Bieńczyce Osiedle Niepodległości
26%
Nowa Huta Osiedle Urocze
26%
Dębniki Skotniki
26%
Prądnik Biały Żabiniec
26%
Zwierzyniec Olszanica
25%
Mistrzejowice Osiedle Mistrzejowice Nowe
25%
Nowa Huta Osiedle Willowe
25%
Krowodrza Czarna Wieś
24%
Krowodrza | Nowa Huta Nowa Wieś
24%
Nowa Huta Osiedle Słoneczne
24%
Nowa Huta Przylasek Rusiecki
24%
Prądnik Biały Tonie
24%
Mistrzejowice Osiedle Kombatantów
23%
Prądnik Czerwony Ugorek
23%
Prądnik Biały Witkowice
23%
Zwierzyniec Chełm
22%
Podgórze Mateczny
22%
Nowa Huta Osiedle Handlowe
22%
Nowa Huta Osiedle Szklane Domy
22%
Bieńczyce Osiedle Wysokie
22%
Swoszowice Opatkowice
21%
Nowa Huta Osiedle Sportowe
21%
Krowodrza Miasteczko Studenckie AGH
20%
Stare Miasto Nowe Miasto
20%
Zwierzyniec Przegorzały
20%
Dębniki Pychowice
20%
Dębniki Kostrze
19%
Nowa Huta Osiedle Młodości
19%
Nowa Huta Osiedle Spółdzielcze
19%
Nowa Huta Ruszcza
19%
Nowa Huta Błonie
18%
Nowa Huta Osiedle Ogrodowe
18%
Dębniki Sidzina
18%
Swoszowice Wróblowice
18%
Dębniki Kapelanka
17%
Swoszowice Kliny Borkowskie
17%
Wzgórza Krzesławickie Lubocza
17%
Bieżanów - Prokocim Osiedle Bieżanów Nowy
17%
Bronowice Osiedle Bronowice Nowe
17%
Łagiewniki - Borek Fałęcki Osiedle Cegielniana
17%
Wzgórza Krzesławickie Osiedle Na Wzgórzach
17%
Podgórze Przewóz
17%
Swoszowice Jugowice
16%
Dębniki Kliny Zacisze
16%
Czyżyny Osiedle Akademickie
16%
Prądnik Czerwony Osiedle Gotyk
16%
Bronowice Osiedle Widok Zarzecze
16%
Zwierzyniec Półwsie Zwierzynieckie
16%
Wzgórza Krzesławickie Zesławice
16%
Nowa Huta Kościelniki
15%
Podgórze Duchackie Kurdwanów Nowy
15%
Nowa Huta Osiedle Lesisko
15%
Dębniki Osiedle Ruczaj-Zaborze
15%
Wzgórza Krzesławickie Wadów
15%
Podgórze Duchackie Wola Duchacka Wschód
15%
Podgórze Duchackie Wola Duchacka Zachód
15%
Dębniki Bodzów
14%
Wzgórza Krzesławickie Kantorowice
14%
Nowa Huta Kujawy
14%
Mistrzejowice Osiedle Srebrnych Orłów
14%
Dębniki Podgórki Tynieckie
14%
Swoszowice Rajsko
14%
Nowa Huta Wyciąże
14%
Swoszowice Zbydniowice
14%
Nowa Huta Cło
13%
Prądnik Biały Górka Narodowa Wschód
13%
Prądnik Biały Górka Narodowa Zachód
13%
Swoszowice Kosocice
12%
Bieżanów - Prokocim | Dębniki Osiedle Kolejowe
12%
Nowa Huta Wolica
12%
Nowa Huta Wróżenice
12%
Nowa Huta Branice
11%
Bieżanów - Prokocim Kaim
11%
Prądnik Biały Osiedle Witkowice Nowe
11%
Nowa Huta Przylasek Wyciąski
11%
Wzgórza Krzesławickie Węgrzynowice
11%
Swoszowice Barycz
10%
Nowa Huta Chałupki
10%
Mistrzejowice Dziekanowice
10%
Wzgórza Krzesławickie Łuczanowice
10%
Bieżanów - Prokocim Osiedle Medyków
10%
Prądnik Czerwony Śliczna
10%
Swoszowice Soboniowice
10%
Zwierzyniec Zakamycze
10%
Dębniki Koło Tynieckie
9%
Podgórze Łutnia
9%
Bieżanów - Prokocim Osiedle Nad Potokiem
9%
Łagiewniki - Borek Fałęcki Osiedle Zaułek Jugowicki
9%
Bieżanów - Prokocim Bieżanów Kolonia
8%
Bieżanów - Prokocim Łazy
8%
Swoszowice Łysa Góra
8%
Dębniki Mochnaniec
8%
Dębniki Osiedle Interbud
8%
Bieżanów - Prokocim Osiedle Parkowe
8%
Swoszowice Osiedle Uzdrowisko Swoszowice
8%
Dębniki Osiedle Panorama
7%
Dębniki Osiedle Proins
7%
Swoszowice Bania
6%
Wzgórza Krzesławickie Dłubnia
6%
Nowa Huta Holendry
6%
Nowa Huta Kopaniny
6%
Swoszowice Lusina
6%
Podgórze Duchackie Osiedle Podlesie
6%
Nowa Huta Chałupki Górne
5%
Nowa Huta Piekiełko
5%
Nowa Huta Wola Rusiecka
5%
Swoszowice Siarczana Góra
4%
Nowa Huta Stryjów
4%
Nowa Huta Górka Kościelnicka
3%
Nie znaleziono quizów pasujących do podanych kryteriów
Rozkład punktacji
Procent ludzi z każdym wynikiem
Percentyl według liczby udzielonych odpowiedzi
Twoja historia wyników
Nie rozwiązałeś tego quizu